The psychology of money: (Record no. 617442)

000 -LEADER
fixed length control field 00474nam a22001577a 4500
020 ## - INTERNATIONAL STANDARD BOOK NUMBER
International Standard Book Number 9780857199096
040 ## - CATALOGING SOURCE
Transcribing agency NUSt
082 ## - DEWEY DECIMAL CLASSIFICATION NUMBER
Classification number 322.4019,HOU
100 ## - MAIN ENTRY--PERSONAL NAME
Personal name Housel, Morgan
9 (RLIN) 134450
245 ## - TITLE STATEMENT
Title The psychology of money:
Remainder of title timeless lessons on wealth, greed, and happiness /
Statement of responsibility, etc. Morgan Housel
260 ## - PUBLICATION, DISTRIBUTION, ETC.
Place of publication, distribution, etc. British
Name of publisher, distributor, etc. Harriman House
Date of publication, distribution, etc. 2021
300 ## - PHYSICAL DESCRIPTION
Extent viii,242 p.;
650 ## - SUBJECT ADDED ENTRY--TOPICAL TERM
Topical term or geographic name entry element emotions
9 (RLIN) 134451
651 ## - SUBJECT ADDED ENTRY--GEOGRAPHIC NAME
Geographic name financial decisions
9 (RLIN) 134452
942 ## - ADDED ENTRY ELEMENTS (KOHA)
Source of classification or shelving scheme
Koha item type Book
Call number prefix 322.4019,HOU
Holdings
Withdrawn status Lost status Source of classification or shelving scheme Damaged status Not for loan Permanent Location Current Location Shelving location Date acquired Total Checkouts Full call number Barcode Date last seen Price effective from Koha item type
          Military College of Signals (MCS) Military College of Signals (MCS) General Stacks 05/13/2026   322.4019,HOU MCS39009 05/13/2026 05/13/2026 Book
© 2023 Central Library, National University of Sciences and Technology. All Rights Reserved.